000 00672nam a2200253Ia 4500
001 38771
005 20240114002024.0
007 ta
008 070731s a g b000 u 346 u
040 _aCotton College Assam
041 _a346
082 _a954.085
_bB 146 J
100 _aBagal, Jogeshchandra .
245 0 _aJagriti O Jatiyata /
_cJogeshchandra Bagal.
_hTextual Documents
250 _a1st ed. /
260 _aCalcutta :
_bMitra & Ghosh publishers ,
_cNd.
300 _a197p. :
_bill ;
_c20cm .
653 _aHistory-India
653 _aIndian History
653 _aG-History
942 _2ddc
_cBK
999 _c38743
_d38743